000 00353nam a2200145Ia 4500
008 230917s9999||||xx |||||||||||||| ||und||
040 _e52508
_aMAIN
041 _aEnglish
082 _a341.2 F187S
100 _aFalk, Richard A
245 2 _aA study of future worlds
260 _aNew Delhi
_bOrient
_c1975
300 _axxxiii, 506 p.
942 _cBK
999 _c191086
_d191086